000 00238nam a22000857a 4500
008 160701b xxu||||| |||| 00| 0 eng d
100 _91708
_a Gadekar, A
245 _aBookworm: English Suupplementary Reader
260 _aNew delhi
_b Arya
_c1997
999 _c1417
_d1417